Statistics for Largest Cities In South Carolina

Click here to take the quiz!

General Stats

  • This quiz has been taken 24 times
  • The average score is 9 of 15

Answer Stats

Pop. City % Correct
133,114Columbia
100%
134,875Charleston
95%
109,298North Charleston
86%
68,219Greenville
86%
37,498Spartanburg
77%
32,795Myrtle Beach
77%
73,068Rock Hill
68%
37,778Florence
64%
86,668Mount Pleasant
50%
40,055Hilton Head Island
50%
39,982Sumter
45%
30,721Aiken
45%
50,388Summerville
23%
42,619Goose Creek
18%
30,899Greer
18%

Score Distribution

Percentile by Number Answered

Percent of People with Each Score

Your Score History

You have not taken this quiz